000 00907cad a22002055a 4500
001 L152523
008 110322e20110316xxk 000 0 eng d
035 _a(Sirsi) u152523
041 0 _aeng
110 2 _aHalifax Building Society
_91669
245 0 0 _aHigher stamp duty thresholds would have doubled if linked to house prices
_h[electronic resource]
490 _aHalifax Press Release
_v16 March 2011
520 _aExamines the impact of the stamp duty thresholds over the past ten years using house prices and home sales data from the Land Registry and Halifax. Stamp duty revenue data has been sourced from HMRC.
590 _aKA NTK
651 4 _aENGLAND AND WALES
690 _aPROPERTY-RESIDENTIAL PROPERTY
690 _aPROPERTY-TAXATION
856 4 0 _uhttps://www.lloydsbankinggroup.com/media/pdfs/2011/STAMPDUTY.pdf
_zView this item free of charge at www.lloydsbankinggroup.com
942 _n0
999 _c82985
_d82985